LEADER 03017 am 2200589 n 450 001 9910473952303321 005 20201001 010 $a88-7885-828-5 010 $a88-7885-830-7 024 7 $a10.4000/books.res.6884 035 $a(CKB)4100000011569241 035 $a(FrMaCLE)OB-res-6884 035 $a(oapen)https://directory.doabooks.org/handle/20.500.12854/84094 035 $a(PPN)251072223 035 $a(EXLCZ)994100000011569241 100 $a20201109j|||||||| ||| 0 101 0 $aita 135 $auu||||||m|||| 181 $ctxt$2rdacontent 182 $cc$2rdamedia 183 $acr$2rdacarrier 200 10$aUomini normali $eMaschilità e violenza nell'intimità /$fCristina Oddone 210 $aTorino $cRosenberg & Sellier$d2020 215 $a1 online resource (208 p.) 225 1 $aQuestioni di genere 311 $a88-7885-827-7 330 $aNegli ultimi anni il femminicidio e la violenza contro le donne hanno ottenuto crescente visibilità, tuttavia restano inesplorati molti aspetti riguardanti gli autori di questi reati. Chi sono gli uomini violenti? Quali sono le loro motivazioni? In che modo giustificano le aggressioni contro le donne che dicono di amare? Attraverso l?analisi femminista e gli studi sulle maschilità, in questo volume viene trattata una specifica forma di gender-based violence, la violenza nelle relazioni di intimità. L?attenzione è rivolta in modo particolare agli autori di violenza, grazie ai risultati di una ricerca etnografica svolta in un centro di ascolto per uomini maltrattanti: nel corso degli incontri collettivi gli aggressori descrivono la relazione con la partner e con le donne in generale, spiegano la propria violenza, ma soprattutto parlano di sé ? come uomini, mariti e padri. Il ricorso alle pratiche di prevaricazione emerge come parte di un gioco di controllo e potere che non si esaurisce nel rapporto con le donne, ma acquisisce valore anche nell?arena delle relazioni sociali tra maschi e tra diversi modelli di maschilità. E come altre forme di violenza, anche la intimate partner violence si rivela una strategia per ?fare il genere?, e per ?fare le maschilità?. 606 $aWomen's Studies 606 $agenere 606 $aquestioni di genere 606 $amaschilità 606 $aviolenza contro le donne 606 $aviolenza di genere 606 $agender-based violence 606 $aintimate partner violence 610 $agender-based violence 610 $aintimate partner violence 615 4$aWomen's Studies 615 4$agenere 615 4$aquestioni di genere 615 4$amaschilità 615 4$aviolenza contro le donne 615 4$aviolenza di genere 615 4$agender-based violence 615 4$aintimate partner violence 700 $aOddone$b Cristina$0480596 701 $aGiomi$b Elisa$0596704 801 0$bFR-FrMaCLE 906 $aBOOK 912 $a9910473952303321 996 $aUomini normali$93025632 997 $aUNINA